Consuming culture : why you eat what you eat /

Guardado en:
Bibliografiske detaljer
Hovedforfatter: MacClancy, Jeremy
Format: Ukendt
Sprog:English
Udgivet: New York : H. Holt, 1993.
Udgivelse:1 edición
Fag:
Tags: Tilføj Tag
Ingen Tags, Vær først til at tagge denne postø!

MARC

LEADER 000000000a22000000004500
001 013514
020 |a 0805035877 
041 0 |a eng 
082 0 4 |a 394.12   |b M158c 
100 1 |a MacClancy, Jeremy 
245 1 0 |a Consuming culture :   |b why you eat what you eat /   |c Jeremy MacClancy. 
250 |a 1 edición 
260 1 |a New York :   |b H. Holt,   |c 1993. 
300 |a 246 páginas 
650 4 |a HABITOS DE CONSUMO 
650 4 |a ESTUDIOS CULTURALES 
500 |a Colección George Yúdice 
999 |c 19436  |d 19436 
942 |c BK  |h 394.12 M158c  |2 z